|
|
|
|
| LEADER |
00000cam a22000004a 4500 |
| 001 |
vtls010447155 |
| 003 |
SK-MaSNL |
| 005 |
20260301132811.0 |
| 008 |
240318s2012 xo a e 000 0 slo |
| 015 |
|
|
|a SNBA2012/10-05196
|
| 020 |
|
|
|a 9788085717297
|q (viaz.)
|
| 035 |
|
|
|a AAA6082E-E3D9-4E54-8497-47D26EB297AF
|
| 035 |
|
|
|a urn:nbn:sk:snk-amlb7f
|
| 035 |
|
|
|a urn:nbn:sk:snk-am0092j1
|
| 040 |
|
|
|a SNK
|b slo
|c SNK
|e AACR2
|
| 041 |
0 |
|
|a slo
|
| 043 |
|
|
|a e-xo---
|
| 044 |
|
|
|a xo
|c SK
|
| 072 |
|
7 |
|a 342
|x Ústavné právo. Správne právo
|2 konspekt
|
| 080 |
|
|
|a 321.01
|2 2001
|
| 080 |
|
|
|a 342.22
|2 2001
|
| 080 |
|
|
|a 341.211
|2 2001
|
| 080 |
|
|
|a 321:34
|2 2001
|
| 080 |
|
|
|a 322
|2 2001
|
| 080 |
|
|
|a 32:1
|2 2001
|
| 080 |
|
|
|a 321.7+342.34
|2 2001
|
| 080 |
|
|
|a 342.7
|2 2001
|
| 080 |
|
|
|a 341.231.14
|2 2001
|
| 080 |
|
|
|a 94(437.6)
|2 2001
|
| 080 |
|
|
|a (0:82-4)
|2 2001
|
| 080 |
|
|
|a 929.6+929.9
|2 2001
|
| 080 |
|
|
|a 342.537.3/.5
|2 2001
|
| 080 |
|
|
|a 328/329
|2 2001
|
| 100 |
1 |
|
|a Chovanec, Jaroslav,
|d 1935-
|4 aut
|9 85200
|
| 245 |
1 |
0 |
|a Budovanie štátu Slovenskej republiky
|b (vedecké eseje v Literárnom týždenníku v rokoch 1990-2012)
|c Jaroslav Chovanec
|
| 250 |
|
|
|a [1. vyd.]
|
| 260 |
|
|
|a Bratislava
|b Procom
|c 2012
|
| 300 |
|
|
|a 375 s.
|b ilustr.
|c 21 cm
|
| 504 |
|
|
|a Bibliogr. s. 365-367. Biogr. pozn. Pozn.
|
| 650 |
0 |
7 |
|a štát
|2 SNKPH
|9 4689
|
| 650 |
0 |
7 |
|a právny štát
|2 SNKPH
|9 4416
|
| 650 |
0 |
7 |
|a štátna zvrchovanosť
|2 SNKPH
|9 4433
|
| 650 |
0 |
7 |
|a štát a právo
|2 SNKPH
|9 78088
|
| 650 |
0 |
7 |
|a štát a cirkev
|2 SNKPH
|9 4233
|
| 650 |
0 |
7 |
|a politická filozofia
|2 SNKPH
|9 4678
|
| 650 |
0 |
7 |
|a demokracia
|2 SNKPH
|9 3564
|
| 650 |
0 |
7 |
|a ochrana ľudských práv
|2 SNKPH
|9 4034
|
| 650 |
0 |
7 |
|a State, The
|2 SNKPHeng
|9 280896
|
| 650 |
0 |
7 |
|a Rule of law
|2 SNKPHeng
|9 331094
|
| 650 |
0 |
7 |
|a Sovereignty
|2 SNKPHeng
|9 400702
|
| 650 |
0 |
7 |
|a State and law
|2 SNKPHeng
|9 266117
|
| 650 |
0 |
7 |
|a Church and state
|2 SNKPHeng
|9 318079
|
| 650 |
0 |
7 |
|a Political philosophy
|2 SNKPHeng
|9 313095
|
| 650 |
0 |
7 |
|a Democracy
|2 SNKPHeng
|9 3565
|
| 650 |
0 |
7 |
|a Human rights protection
|2 SNKPHeng
|9 265726
|
| 650 |
0 |
7 |
|a štátne symboly
|2 SNKPH
|9 78181
|
| 650 |
0 |
7 |
|a State symbols
|2 SNKPHeng
|9 331578
|
| 650 |
0 |
7 |
|a Legislation
|2 SNKPHeng
|9 268421
|
| 650 |
0 |
7 |
|a legislatíva
|2 SNKPH
|9 121217
|
| 651 |
|
7 |
|a Slovensko
|x dejiny
|2 SNKPH
|9 13278
|
| 651 |
|
7 |
|a Slovakia
|x history
|2 SNKPHeng
|9 266841
|
| 651 |
|
7 |
|a Slovensko
|x politika a vláda
|2 SNKPH
|9 312415
|
| 651 |
|
7 |
|a Slovakia
|x politics and government
|2 SNKPHeng
|9 314005
|
| 655 |
|
7 |
|a eseje
|2 SNKPH
|9 57030
|
| 655 |
|
7 |
|a Essays
|2 SNKPHeng
|9 267540
|
| 852 |
|
|
|a Štátna vedecká knižnica v Banskej Bystrici
|
| 919 |
|
|
|a 978-80-85717-29-7
|
| 958 |
|
|
|a NB
|
| 968 |
|
|
|d 32
|
| 999 |
|
|
|c 752012
|d 753942
|
| 952 |
|
|
|a SNK
|b SNK
|y PREZ
|7 0
|p 17A1040408
|o snkSC 151397
|i snk2012/20196
|8 0
|0 0
|1 0
|4 0
|d 2012-10-10
|f 1
|l 0
|r 2025-07-22 00:00:00
|w 2026-02-23
|
| 952 |
|
|
|a SNK
|b SNK
|y VYP
|7 0
|p 17A1040409
|o snkSC 151397 D1
|i snk2012/20197
|8 0
|0 0
|1 0
|4 0
|d 2012-10-10
|l 0
|r 2026-02-23 23:36:09
|w 2026-02-23
|